000 00561nam a2200217Ia 4500
003 OSt
005 20221005124433.0
006 a|||||r|||| 00| 0
007 ta
008 221004b |||||||| |||| 00| 0 eng d
024 _a31646
037 _cTextual
040 _aCRL
_cCRL
_beng
041 _2eng
_aeng
082 _a64, K3
100 _aZaheer M
245 0 _aMuseum management
_b Accession,indexing,custody,labelling and verification of objects.
260 _c1963
942 _h64, K3
_cTEXL
_2cc
999 _c1050491
_d1050491